Sports Quiz

Random Sports or Football Quiz

Top 50 French (ACTIVE) Footballers 2016 Quiz Stats

 Plays Quiz not verified by Sporcle

Challenge
Share
Tweet
Embed
Score 0/50 Timer 10:00
0 Plays Today
Club Player % Correct
Tottenham HotspurHugo Lloris
97.1%
JuventusPaul Pogba
93.7%
MarseilleSteve Mandanda
92.8%
Man CityBacary Sagna
92.2%
Real MadridKarim benzema
91.4%
ArsenalLaurent Koscielny
90.8%
Real MadridRaphael Varane
90.8%
ArsenalOlivier Giroud
90.2%
LiverpoolMamadou Sakho
88.2%
JuventusPatrice Evra
87.9%
Crystal PalaceYohan Cabaye
87.9%
Bayern MunichFrank Ribery
87.9%
Man UtdAnthony Martial
87.3%
Atletico MadridAntoine Griezmann
87.3%
Leicester CityNgolo Kante
87%
PSGBlaise Matuidi
87%
LyonAlexandre Lacazette
85.9%
ChelseaKurt Zouma
85%
Bayern Munich (on loan fom Juventus)Kingsley Coman
84.7%
West HamDimtri Payet
83%
BarcelonaJeremy Mathieu
82.7%
Man UtdMorgan Schneiderlin
82.1%
Bourdeaux (on loan from Arsenal)Mathieu Debuchy
80.7%
Roma (on loan from PSG)Lucas Digne
80.1%
Man CitySamir Nasri
79.5%
Club Player % Correct
ChelseaLoic Remy
76.7%
Atlethic BilbaoAymeric Laporte
76.4%
ArsenalFrancis Coquelin
75.5%
Saint-EtienneStephane Ruffier
72%
NewcastleMoussa Sissoko
70.6%
SevillaKevin Gameiro
69.7%
PSGAdrien Rabiot
68.6%
PSGLaywin Kurzawa
65.7%
NiceBen Arfa
64.8%
LyonSamuel Umtiti
64.6%
MarseilleLassana Diarra
61.7%
LyonNabil Fekir
61.4%
AC MilanJeremy Menez
61.1%
VillarealAlphonse Areola
57.3%
LyonMatthieu Valbuena
55%
LyonMaxime Gonalons
52.2%
SevillaSteven Nzonzi
50.4%
AC MilanM'baye Niang
48.1%
Aston VillaJordan Amavi
46.7%
Stade RennaisOusmane Dembele
45.8%
Stoke CityGiannelli Imbula
43.5%
Stade RennaisPaul-Georges Ntep
35.2%
MonacoThomas Lemar
28.8%
LazioAbdoulay Konko
28.2%
Inter MilanGeoffrey Kondgobia
3.2%

You're not logged in!

Compare scores with friends on all Sporcle quizzes.
Join for Free
OR
Log In

You Might Also Like...

Show Comments

Extras

Top Quizzes Today


Score Distribution

Your Account Isn't Verified!

In order to create a playlist on Sporcle, you need to verify the email address you used during registration. Go to your Sporcle Settings to finish the process.

Report this User

Report this user for behavior that violates our Community Guidelines.

Details: